000
00431nam a2200145Ia 4500
008
151213s9999 xx 000 0 und d
100
_a
মাও: আজাদ।
245
_a
দূরবীক্ষণ।
_c
মাও: আজাদ।
260
_a
কলিকাতা
_b
দামাল।
_c
1989
300
_a
8632 p.
650
_a
Bangla
650
_a
গল্প।
700
_a
মাও: আজাদ।
999
_c
4419
_d
4419